000 00220nam a2200097Ia 4500
008 191206s9999 xx 000 0 und d
020 _a9.78042E+12
090 _aQE28.2H635
245 0 _aPhysical geography
260 _cc2011
999 _c16679
_d16679